000 00564nam a2200157 a 4500
001 000045800
005 20201002052442.0
008 150514s1981 dr a 000 0 spa d
040 _aDO-SdBNP
_bspa
_cBNPHU
245 0 0 _aMochila para pioneros. /
_cselecciones Narciso González (Narcisazo).
260 _aSanto Domingo :
_bCosmos,
_c1981.
300 _a103 p. :
_bil. ;
_c14 cm.
500 _aPoemas, idearios, teatro, adivinanzas, cuentos y derechos.
590 _aPerteneció a la biblioteca personal de Erick Landestoy
700 1 _aGonzález, Narciso
_esel.
_923193
999 _c45289
_d45289